श्री.ब्रम्हचैतन्य महाराज गोदविलकर यांची अमृतवाणी (Record no. 28550)

MARC details
000 -LEADER
fixed length control field 00740nam a2200145Ia 4500
008 - FIXED-LENGTH DATA ELEMENTS--GENERAL INFORMATION
fixed length control field 090122s9999 xx 000 0 und d
082 ## - DEWEY DECIMAL CLASSIFICATION NUMBER
Item number 4472
Classification number R:65
100 ## - MAIN ENTRY--PERSONAL NAME
Personal name वर्टीकर
Numeration मनोहर
245 ## - TITLE STATEMENT
Title श्री.ब्रम्हचैतन्य महाराज गोदविलकर यांची अमृतवाणी
600 ## - SUBJECT ADDED ENTRY--PERSONAL NAME
Personal name वर्टीकर
630 ## - SUBJECT ADDED ENTRY--UNIFORM TITLE
Uniform title श्री.ब्रम्हचैतन्य महाराज गोदविलकर यांची अमृतवाणी
700 ## - ADDED ENTRY--PERSONAL NAME
Personal name वर्टीकर
730 ## - ADDED ENTRY--UNIFORM TITLE
Uniform title श्री.ब्रम्हचैतन्य महाराज गोदविलकर यांची अमृतवाणी
942 ## - ADDED ENTRY ELEMENTS (KOHA)
Koha item type Book
Holdings
Withdrawn status Lost status Damaged status Not for loan Home library Current library Date acquired Total Checkouts Full call number Barcode Date last seen Copy number Price effective from Koha item type
        Dombivali Granthasangrahalaya, Dombivali Dombivali Granthasangrahalaya, Dombivali 01/22/2009   4472 DOM-4472 01/22/2009 1 01/22/2009 Book